000 01254cab a2200253 4500
001 ABS49827
008 090401t1993 xxu||||| |||| 00| 0 eng d
035 _a(Sirsi) u72890
041 _aeng
245 _aStanhope Pension Trust Ltd & another v Registrar of Companies & another
260 _c1993
350 _a0
490 _aEstates Gazette
_v(1993) 48 EG 129-131(3)
520 _aQBD 25 May 1993. A firm (F) took the lease of buildings for which S held the first reversion. The premises were assigned to two companies (interveners) before passing to B. Meanwhile both F and B went into liquidation, the rent was not paid and the liquidator disclaimed the underleases. S applied to avoid F`s dissolution and the intervenors attempted to be joined as defendants. This was refused by the Registrar who ordered the dissolution of F to be avoided under the Companies Act 1985 s651. The intervenors successfully appealed against these orders.
650 _aINDEMNITY
650 _aLAND REGISTRATION ACT 1925 S24
650 _aLAW OF PROPERTY ACT 1925 S77
650 _aLEASES
650 _aRENT ARREARS
650 _aVOLUNTARY LIQUIDATION
690 _aLANDLORD AND TENANT-CASE LAW-BUSINESS TENANCIES
942 _n0
948 _c04/03/1997
999 _c46069
_d46069